One Piece: Personnages de l'arc Egghead - Statistiques

Statistiques générales
  • Ce quiz a été pris 366 fois
  • Le résultat moyen est 82 sur 158
Statistiques - réponses
Personnages % Correct
Monkey D. Luffy
99%
Roronoa Zoro
99%
Tony Tony Chopper
98%
Brook
97%
Vinsmoke Sanji
97%
Jinbe
97%
Nami
97%
Nico Robin
97%
Franky
96%
Usopp
95%
Caribou
89%
Jewerly Bonney
88%
Dracule Mihawk
85%
Crocodile (Séraphin)
84%
Crocodile
83%
Trafalgar Law
82%
Baggy
81%
Bartholomew Kuma
81%
Shanks
81%
Marshall D. Teach
79%
Brogy
78%
Boa Hancock
77%
Dorry
77%
Eustass Kid
77%
Koby
76%
Wapol
76%
Charlotte Linlin
75%
Monkey D. Dragon
75%
Sabo
75%
Doflamingo (Séraphin)
74%
Donquixote Doflamingo
74%
Nefertari Vivi
74%
Bepo
72%
Monkey D. Garp
72%
Vegapunk
72%
Edward Newgate
71%
Kaido
71%
Killer
71%
Moria (Séraphin)
71%
Saint Jaygarcia Saturn
71%
X Drake
71%
Gol D. Roger
70%
Kozuki Momonosuke
70%
Nerfertari Cobra
69%
Silver Rayleigh
69%
Marco
68%
Rob Lucci
68%
Kaku
67%
Ben Beckmann
65%
Emporio Ivankov
65%
Catarina Devon
63%
Lucky Roo
63%
Yasopp
63%
Akainu
62%
Kizaru
62%
Stussy
62%
Jesus Burgess
61%
Lilith
61%
Rocks D. Xebec
61%
Neptune
60%
Shirahoshi
59%
Saint Marcus Mars
58%
S-Hawk
58%
York
58%
S-Snake
57%
Laboon
56%
Koala
55%
Kuzan
55%
Morgans
55%
Portgas D. Ace
55%
Rebecca
55%
Avalo Pizzaro
54%
Im
54%
S-Shark
54%
Doc Q
52%
Pell
52%
Pythagore
51%
S-Bear
51%
Scooper Gaban
51%
Shaka
51%
Charlos
50%
Clover
50%
Joz
50%
Van Augur
50%
Belo Betty
49%
Fujitora
49%
Haguar D. Sauro
49%
Makino
49%
Atlas
48%
Edison
48%
Kalifa
47%
Sanjuan Wolf
47%
Inazuma
45%
Charlotte Pudding
44%
Léo
44%
Morley
44%
Sengoku
44%
Alvida
43%
Karasu
43%
Penguin
43%
Vasco Shot
43%
Ryokugyû
42%
Saint Figarland Garling
42%
Chaka
41%
Hajrudin
41%
Jabura
41%
Rockstar
41%
Curly Dadan
40%
Shiki
40%
Blueno
39%
Don Saï
39%
Oimo
39%
Saint Shepherd Ju Peter
39%
Hermepp
38%
Riku
38%
Lindbergh
36%
Shiryu
35%
Jean Bart
35%
John
35%
Saint Topman Warcury
35%
Stronger
35%
Igaram
34%
Smoker
34%
Tashigi
34%
Saint Ethanbaron V. Nusjuro
32%
Tsuru
32%
Kumadori
30%
Nico Olivia
30%
Fukuro
29%
Prince
29%
Cabaji
28%
Morge
28%
Shachi
26%
Hina
25%
Hibari
24%
Kashii
23%
Sentomaru
22%
Ginny
21%
Hoop Slap
20%
Doll
18%
Perona
18%
Donquixote Mjosdard
17%
Mansherry
17%
Conney
15%
Gerd
14%
Hatori
14%
Nyon
14%
Edward Weevil
12%
Monster
11%
Roswald
11%
Fullbody
10%
Goldberg
10%
Jango
10%
Sugar
8%
Alpha
6%
Kourbett
5%
Aucun quiz correspondant
Distribution des résultats
% des personnes avec chaque résultat
Percentile par nombre de réponses
Votre historique - résultats
Vous n’avez pas pris ce quiz